000 00402nam a22001697a 4500
005 20160617160228.0
008 160617b xxu||||| |||| 00| 0 eng d
020 _a81-203-1929-X
041 _aeng
082 _b8024
100 _aBose, D. Chaudra
_92142
245 _aPrinciples of Management and Administration
260 _bPHI
_c2002
300 _a566
650 _aManagement
_9241
942 _cBK
999 _c2993
_d2992